| 000 | 00616nam a22002177a 4500 | ||
|---|---|---|---|
| 999 |
_c4602 _d4602 |
||
| 003 | AR-CdUCM | ||
| 008 | 190311b ||||| |||| 00| 0 -pt d | ||
| 040 |
_aMUNICIPALIDAD PROVINCIAL DEL CUSCO _cBIBLIOTECA MUNICIPAL DEL CUSCO |
||
| 082 |
_a861.48 / _bC51 |
||
| 100 |
_aChaves, Helio _911487 |
||
| 245 | _aLuz crescente / | ||
| 260 |
_bPetropolis, _c1954 |
||
| 300 |
_a46 paginas ; _c18 cm. |
||
| 500 | _aDonación familia nieto / | ||
| 505 | _aContenido :Poesía / | ||
| 650 |
_aLiteratura brasileña _92733 |
||
| 650 |
_aPoesías _914363 |
||
| 650 |
_aSiglo XX _98 |
||
| 942 |
_2ddc _cLIBROS |
||
| 945 | _arjall | ||